| 000 | 01297cam a22003735a 4500 | ||
|---|---|---|---|
| 001 | ocn755698612 | ||
| 003 | OSt | ||
| 005 | 20160724150434.0 | ||
| 008 | 120129t2013 nyua frbd 001 0 eng d | ||
| 010 | _a 2012931915 | ||
| 020 | _a9781133134794 (pbk.) | ||
| 020 | _a1133134793 (pbk.) | ||
| 035 | _a(OCoLC)755698612 | ||
| 035 | _a(OCoLC)ocn755698612 | ||
| 035 | _a(OCoLC)755698612 | ||
| 035 | _a(YBP)8724577 | ||
| 040 |
_aDLC _beng _cDLC _dBTCTA _dTXA _dOCLCO _dCDX _dYDXCP _dBWX _dEG-ScBUE |
||
| 043 | _an-us--- | ||
| 082 | 0 | 4 |
_a346.73048 _bBOU _222 |
| 100 | 1 |
_aBouchoux, Deborah E., _d1950- _940430 |
|
| 245 | 1 | 0 |
_aIntellectual property: _bthe law of trademarks, copyrights, patents, and trade secrets / _cDeborah E. Bouchoux. |
| 246 | 3 | 4 | _aLaw of trademarks, copyrights, patents, and trade secrets |
| 250 | _a4th ed., International ed. | ||
| 260 |
_aClifton Park : _bDelmar Cenage Learning, _cc.2013. |
||
| 300 |
_axxiv, 547 p. : _bforms ; _c24 cm. |
||
| 500 | _aGlossary : p. 521-534. | ||
| 500 | _aIndex : p. 535-547. | ||
| 504 | _aIncludes bibliographical references. | ||
| 650 | 0 |
_aIntellectual property _zUnited States. _2BUEsh |
|
| 650 | 0 |
_aLegal assistants _zUnited States _vHandbooks, manuals, etc. _2BUEsh |
|
| 651 | _2BUEsh | ||
| 653 |
_bLLAAWW _cJuly2016 |
||
| 942 | _2ddc | ||
| 999 |
_c22021 _d21993 |
||